Moldaje-desmoldaje: Fedrerico Assler, hormigón, la piedra contemporánea
Saved in:
| Format: | Bog |
|---|---|
| Sprog: | spansk engelsk |
| Udgivet: |
Santiago
Centro Cultural Matucana 100
2005
|
| Fag: | |
| Tags: |
Tilføj Tag
Ingen Tags, Vær først til at tagge denne postø!
|
MARC
| LEADER | 00000nam a2200000 a 4500 | ||
|---|---|---|---|
| 001 | UCK4264 | ||
| 003 | CL-VaPUC | ||
| 008 | 050527e20050300CL |||||||||||||||||spa|d | ||
| 041 | 0 | 7 | |a spa |2 CL-VaPUC |
| 041 | 0 | 7 | |a eng |2 CL-VaPUC |
| 082 | 0 | 4 | |a 730.983 |b MOL |2 21 |
| 245 | 1 | 0 | |a Moldaje-desmoldaje: Fedrerico Assler, hormigón, la piedra contemporánea |
| 300 | |a 59 p | ||
| 942 | |c BK | ||
| 945 | |d 20050527 00:00:00 |a jcarroza | ||
| 260 | |a Santiago |b Centro Cultural Matucana 100 |c 2005 | ||
| 600 | 0 | 7 | |a ASSLER, FEDERICO |2 CL-VaPUC |9 492769 |
| 650 | 0 | |a Escultura chilena |9 376592 | |
| 650 | 7 | |a EXPOSICIONES ARTISTICAS |2 CL-VaPUC |9 492770 | |
| 583 | |a last modification |c 20050527 00:00:00 |k Rodrigo Vera | ||
| 999 | |c 313201 |d 313199 | ||
| 952 | |0 0 |1 0 |4 0 |6 730_983000000000000_MOL_2005 |7 0 |8 R |9 384343 |a BIBART |b BIBART |d 2019-11-22 |i 4132181 |o 730.983 MOL 2005 |p 4132181 |r 2025-03-13 |w 2019-11-22 |y BK_R |k ART | ||